000
00291nam a22001337a 4500
008
170609b xxu||||| |||| 00| 0 eng d
020
_a
9780072817331
041
_a
eng
080
_2
5TH
_a
32
100
_a
19
101
_a
SHP
245
_a
WE THE PEOPLE
_c
PATTERSON,TH.E
942
_2
udc
_c
BK
999
_c
16647
_d
16647